Canciones de Olivia Rodrigo - Estadísticas

Estadísticas generales
  • Esta prueba ha sido intentada 441 veces
    103 desde el último reinicio
  • La puntuación promedio es 20 de 31
Estadísticas de respuestas
Canción % Correcto
3 drivers license
93%
6 good 4 u
88%
3 vampire
88%
1 brutal
84%
5 deja vu
83%
2 traitor
83%
All I Want
81%
8 happier
81%
4 lacy
72%
17 so american
72%
11 hope ur ok
69%
4 1 step forward, 3 steps back
66%
2 bad idea right?
66%
7 enough for you
66%
10 favorite crime
66%
8 get him back!
64%
Can't Catch Me Now
62%
1 all-american bitch
60%
9 jealousy, jealousy
60%
7 logical
60%
15 scared of my guitar
60%
6 making the bed
59%
10 the grudge
59%
11 pretty isn't pretty
53%
12 teenage dream
50%
5 ballad of a homeschooled girl
48%
16 stranger
47%
13 obsessed
45%
9 love is embarrassing
41%
14 girl i've always been
33%
The Book of Love
19%
No se encontraron pruebas coincidentes
Distribución de puntuación
Porcentaje de gente con cada puntuación
Porcentaje por número respondido
Historial de tus puntuaciones
No has intentado esta prueba desde el último reinicio